00298nam a2200121Ia 4500008004100000041001200041082001100053100001800064245004100082260003800123300000800161650000700169221030s9999 xx 000 0 und d aEnglish a105.23 aA. C. Bredahl 0aHome Wiring Manualcby A. C. Bredahl bMcGraw Hill Pub.aNew Yorkc1957 a221 aEE